00840nam a2200253Ia 4500003000400000005001700004006001800021007000300039008004100042024001100083037001100094040001800105041001300123100002800136110010400164245010600268260000900374300001700383650001700400700003400417700010400451942001200555999001900567OSt20220930085534.0a|||||r|||| 00| 0ta220926b |||||||| |||| 00| 0 eng d a101223 cTheses aCRLcCRLbeng 2engaeng aS. Suresh Kumar9540527 aUniversity of Delhi. Faculty of Inter Discipilinary and Applied Science. Department of Microbiology 0aExtracellular lipase from trichosporon asahii MSR 54 production characterization and its applications c2008 a275ap.ccm. aMICROBIOLOGY a Prof. Rani Gupta Gu.9540529 aUniversity of Delhi. Faculty of Inter Discipilinary and Applied Science. Department of Microbiology cDIS2CC c879095d879095